000
00251nam a2200109Ia 4500
008
200302s9999 xx 000 0 und d
100
_a
Maggie Toy
245
_a
The Periphery
260
_b
Academy Editions Group Ltd.
260
_c
1994
300
_a
96 P.,
999
_c
1929
_d
1929